[Event "XXI Adolf Anderssen Mem Prelim"]
[Site "Wroclaw POL"]
[Date "2012.06.30"]
[Round "5"]
[White "Kislov,M"]
[Black "Piorun,K"]
[Result "1/2-1/2"]
[WhiteElo "2330"]
[BlackElo "2488"]

1.e4 e6 2.d4 d5 3.Nc3 Nf6 4.e5 Nfd7 5.f4 c5 6.Nf3 Nc6 7.Be3 a6 8.Qd2 b5 9.Nd1 Qb6
10.c3 a5 11.Be2 b4 12.O-O Be7 13.Rc1 c4 14.g4 Nf8 15.Nf2 h5 16.g5 Bd7 17.Bxc4 dxc4
18.d5 Qb7 19.d6 Bd8 20.Ne4 Qb5 21.Rfd1 Ng6 22.b3 cxb3 23.c4 Qb8 24.axb3 Bb6
25.c5 Bd8 26.Qc2 Ra7 27.Ned2 O-O 28.Nc4 Re8 29.Kf2 Qb5 30.Ra1 Rf8 31.Ra4 Be8
32.Nb6 Bxb6 33.cxb6 Rb7 34.Qe4 Bd7 35.Ra2 Rfb8 36.Rc2 Rxb6 37.Bxb6 Qxb6+
38.Kg3  1/2-1/2

[Event "40th TCh-GRE 2012"]
[Site "Achaea GRE"]
[Date "2012.07.01"]
[Round "2.11"]
[White "Litsas,P"]
[Black "Halioris,Stefanos-Anthimos"]
[Result "1/2-1/2"]
[WhiteElo "1773"]
[BlackElo "1624"]

1.e4 e6 2.d4 d5 3.Nc3 Nf6 4.e5 Nfd7 5.f4 c5 6.Nf3 Nc6 7.Be3 Qb6 8.Na4 Qa5+
9.c3 cxd4 10.b4 Qc7 11.Nxd4 Nxd4 12.Bxd4 Be7 13.Bd3 O-O 14.O-O f6 15.Qh5 f5
16.g4 g6 17.Qh3 Rf7 18.gxf5 gxf5 19.Kh1 Nf8 20.Be2 Ng6 21.Bh5 Rg7 22.Rg1 Bd7
23.Nc5 Bxc5 24.Bxg6 Rxg6 25.Rxg6+ hxg6 26.Bxc5 Be8 27.Qh4 Qh7 28.Qxh7+ Kxh7
29.h4 b6 30.Bd4 Ba4 31.Kg2 Kh6 32.Kg3 Kh5 33.a3 Rc8 34.Rc1  1/2-1/2

[Event "40th TCh-GRE 2012"]
[Site "Achaea GRE"]
[Date "2012.07.01"]
[Round "3.3"]
[White "Videnova,I"]
[Black "Socko,M"]
[Result "1-0"]
[WhiteElo "2313"]
[BlackElo "2484"]

1.e4 e6 2.d4 d5 3.Nc3 Nf6 4.e5 Nfd7 5.f4 c5 6.Nf3 Nc6 7.Be3 Be7 8.Qd2 O-O
9.O-O-O c4 10.f5 b5 11.fxe6 fxe6 12.Nxb5 Rb8 13.Nd6 Nb6 14.Bg5 Na4 15.Bxe7 Qxe7
16.b3 Nb4 17.Kb1 Qc7 18.a3 Nxc2 19.Kxc2 Rxb3 20.Rb1 Qb6 21.Rxb3 Qxb3+ 22.Kc1 Qxa3+
23.Kd1 Ba6 24.Qc1 Nb2+ 25.Ke2 Qa2 26.Ke3 Rb8 27.Be2 Na4 28.Re1 Rb3+ 29.Kf2 Rb2
30.Qg5 h6 31.Qg6 Nc3 32.Qxe6+ Kh7 33.Qf5+ Kg8 34.Qf7+ Kh8 35.Qf8+ Kh7 36.Ng1 Nxe2
37.Qf5+ Kg8 38.Qf7+ Kh8 39.Rxe2 c3 40.Qf8+ Kh7 41.Qf5+ Kg8 42.Qf7+ Kh8 43.Nf5 Rxe2+
44.Nxe2 Qxe2+ 45.Kg3 Qd3+ 46.Kh4 Qe4+ 47.g4 Qe1+ 48.Kh5  1-0

[Event "e2e4 Buxton Open"]
[Site "Buxton ENG"]
[Date "2012.07.01"]
[Round "5"]
[White "Doci,S"]
[Black "Webster,R"]
[Result "0-1"]
[WhiteElo "2103"]
[BlackElo "1972"]

1.e4 e6 2.d4 d5 3.Nc3 Nf6 4.e5 Nfd7 5.Nce2 c5 6.c3 Nc6 7.f4 cxd4 8.cxd4 f6
9.Nf3 fxe5 10.fxe5 Qb6 11.Nc3 Be7 12.Bd3 O-O 13.a3 Nxd4 14.Nxd4 Nxe5 15.Nf3 Bh4+
16.Kd2 Nxd3 17.Kxd3 e5 18.Nxh4 Qd4+ 19.Kc2 Qxh4 20.Qxd5+ Kh8 21.Be3 Bf5+
22.Kc1 Rac8 23.g3 Qa4 24.Qd1 Qa5 25.Bd2 Rfd8 26.Qf3 e4 27.Qf4 Bg6 28.b4 Qd5
29.Rf1 Qd3 30.Kd1 e3 31.Nb1 Rc1+  0-1

[Event "Perla Baltyku Open 2012"]
[Site "Lazy POL"]
[Date "2012.07.03"]
[Round "4.1"]
[White "Tomczak,J"]
[Black "Strzemiecki,Z"]
[Result "1-0"]
[WhiteElo "2549"]
[BlackElo "2416"]

1.e4 e6 2.d4 d5 3.Nc3 Nf6 4.e5 Nfd7 5.f4 c5 6.Nf3 Nc6 7.Be3 Be7 8.a3 a6 9.dxc5 Nxc5
10.b4 Nd7 11.Bd3 Qc7 12.Ne2 b5 13.c3 Nb6 14.Bxb6 Qxb6 15.Ned4 Nxd4 16.Nxd4 Bd7
17.O-O g6 18.Kh1 f6 19.Qg4 f5 20.Qh3 h5 21.g4 O-O-O 22.gxf5 gxf5 23.Rg1 Rdg8
24.Rxg8+ Rxg8 25.Qxh5 Rg4 26.Qf7 Bd8 27.a4 bxa4 28.Be2 Rxf4 29.Rg1 a3 30.Rg7 Qc7
31.Nxe6 a2 32.Nxc7 a1=Q+ 33.Kg2 Qa4 34.Ne6 Rg4+ 35.Rxg4 Qc2 36.Nd4  1-0

[Event "ch-UAE 2012"]
[Site "Abu Dhabi UAE"]
[Date "2012.07.04"]
[Round "8.7"]
[White "Ahmed,Fay"]
[Black "Abdulla,Ali"]
[Result "1-0"]
[WhiteElo "1913"]
[BlackElo "1744"]

1.e4 e6 2.d4 d5 3.Nc3 Nf6 4.e5 Nfd7 5.Nce2 c5 6.c3 Nc6 7.Nf3 cxd4 8.cxd4 f6
9.exf6 Nxf6 10.Bd2 Bd6 11.Qb3 O-O 12.g3 Ne4 13.Bg2 Qf6 14.Be3 b6 15.O-O Ba6
16.Rfe1 Rac8 17.Nc3 Na5 18.Qa4 Nxc3 19.bxc3 Rc4 20.Qd7 Bb8 21.Bg5 Bc8 22.Qxc8 Rcxc8
23.Bxf6 Rxf6 24.Rac1 Nc4 25.Bh3 Re8 26.Ng5 h6 27.Nxe6 Nd2 28.Kg2 Ne4 29.f3 Nd2
30.f4 Ne4 31.f5 Rc8 32.c4 Kh7 33.cxd5 Rxc1 34.Rxc1 Nd6 35.g4 Ne4 36.Rc8 Bd6
37.Rd8  1-0

[Event "40th TCh-GRE 2012"]
[Site "Achaea GRE"]
[Date "2012.07.04"]
[Round "6.4"]
[White "Kryvoruchko,Y"]
[Black "Sedlak,N"]
[Result "1-0"]
[WhiteElo "2676"]
[BlackElo "2556"]

1.e4 e6 2.d4 d5 3.Nc3 Nf6 4.e5 Nfd7 5.f4 c5 6.Nf3 Nc6 7.Be3 Qb6 8.Na4 Qa5+
9.c3 b6 10.Bd2 c4 11.b4 Qa6 12.g3 b5 13.Nc5 Qa3 14.Bg2 a5 15.f5 Nxc5 16.bxc5 exf5
17.O-O Be6 18.Ne1 b4 19.Nc2 Qa4 20.Ne3 Qxd1 21.Raxd1 O-O-O 22.Nxc4 dxc4 23.Bxc6 Kc7
24.Bg2 b3 25.Be3 Bxc5 26.dxc5 Rxd1 27.Rxd1 Rb8 28.a3 b2 29.Rb1 f4 30.Bxf4 g5
31.Be4 gxf4 32.gxf4 f5 33.exf6 Bf7 34.Kf2 Rb3 35.Rg1  1-0

[Event "86th ch-ARG 2012"]
[Site "La Plata ARG"]
[Date "2012.07.04"]
[Round "1.16"]
[White "Etchevest,Marcelo"]
[Black "Julia,E"]
[Result "1/2-1/2"]
[WhiteElo "1726"]
[BlackElo "2359"]

1.d4 Nf6 2.Nc3 d5 3.e4 e6 4.e5 Nfd7 5.f4 c5 6.Nf3 Nc6 7.Be3 a6 8.Qd2 b5 9.dxc5 Nxc5
10.Qf2 Nd7 11.Bd3 Be7 12.O-O Bb7 13.Ne2 Rc8 14.Ned4 Nxd4 15.Nxd4 g6  1/2-1/2

[Event "Perla Baltyku Open 2012"]
[Site "Lazy POL"]
[Date "2012.07.04"]
[Round "5.13"]
[White "Jarmula,L"]
[Black "Mulet,P"]
[Result "0-1"]
[WhiteElo "2050"]
[BlackElo "2282"]

1.e4 e6 2.d4 d5 3.Nc3 Nf6 4.e5 Nfd7 5.f4 c5 6.Nf3 Nc6 7.Be3 cxd4 8.Nxd4 Bc5
9.Qd2 a6 10.O-O-O O-O 11.h4 Nxd4 12.Bxd4 b5 13.Rh3 Bb7 14.Kb1 Rc8 15.h5 Bxd4
16.Qxd4 Qb6 17.Qxb6 Nxb6 18.Ne2 f6 19.Nd4 fxe5 20.fxe5 Rce8 21.Rf3 Rxf3 22.gxf3 Nc4
23.f4 Ne3 24.Re1 Nxf1 25.Rxf1 Bc8 26.Kc1 Bd7 27.Kd2 b4 28.Rf3 Rc8 29.f5 Re8
30.f6 gxf6 31.Rxf6 Rf8 32.Nf3 Rxf6 33.exf6 h6 34.Ne5 Be8 35.Ke3 Bxh5 36.Kd4 Be8
37.Kc5 h5 38.Kd6 h4 39.Kxe6 h3 40.Ng4 d4 41.a3 b3 42.Ke7 Bh5  0-1

[Event "7th Wroclaw Open A"]
[Site "Wroclaw POL"]
[Date "2012.07.04"]
[Round "3.11"]
[White "Wieczorek,O"]
[Black "Zmarzly,A"]
[Result "1-0"]
[WhiteElo "2284"]
[BlackElo "2049"]

1.e4 e6 2.d4 d5 3.Nc3 Nf6 4.e5 Nfd7 5.f4 c5 6.Nf3 a6 7.Be3 Qb6 8.a3 Nc6 9.dxc5 Bxc5
10.Na4 Qa5+ 11.b4 Qxa4 12.bxc5 O-O 13.c4 Qa5+ 14.Qd2 Rd8 15.Qxa5 Nxa5 16.Rd1 Nb8
17.g4 Nbc6 18.cxd5 exd5 19.h3 Ne7 20.f5 Bd7 21.Kf2 Bc6 22.Nd4 Nc4 23.Bg5 Re8
24.e6 f6 25.Bc1 Ba4 26.Re1 Rac8 27.g5 fxg5 28.Rg1 Rf8 29.Bd3 Rxc5 30.Bxg5 Nc6
31.Nxc6 Rxc6 32.Bh6 Rc7 33.e7 Re8 34.Rxg7+ Kh8 35.f6  1-0

[Event "14th Torredembarra Open"]
[Site "Torredembarra ESP"]
[Date "2012.07.05"]
[Round "6.4"]
[White "Farran Martos,F"]
[Black "Luke Brezmes,C"]
[Result "1-0"]
[WhiteElo "2321"]
[BlackElo "2074"]

1.e4 e6 2.d4 d5 3.Nc3 Nf6 4.e5 Nfd7 5.f4 c5 6.Nf3 Nc6 7.Be3 Qb6 8.Qd2 a6
9.O-O-O Qa5 10.Qf2 b5 11.f5 Be7 12.Qg3 g6 13.fxe6 fxe6 14.Kb1 c4 15.Ne2 Nb4
16.Nc3 Nc6 17.Bg5 Ba3 18.Bc1 b4 19.Ne2 c3 20.Ng5 cxb2 21.Bd2 Nb6 22.Nf4 Nxd4
23.Qd3 Nb5 24.Qb3 Nc7 25.Bd3 Bd7 26.Nxh7 Rxh7 27.Bxg6+ Rf7 28.Bxf7+ Kxf7
29.Qh3 Qc5 30.Qh5+ Ke7 31.Nd3 Qd4 32.Bg5+  1-0

[Event "35th Barbera Open A"]
[Site "Barbera del Valles ESP"]
[Date "2012.07.06"]
[Round "3.9"]
[White "Perpinya Rofes,L"]
[Black "Hernandez Carmenates,Hold"]
[Result "0-1"]
[WhiteElo "2401"]
[BlackElo "2569"]

1.e4 e6 2.d4 d5 3.Nc3 Nf6 4.e5 Nfd7 5.f4 c5 6.Nf3 Nc6 7.Be3 Be7 8.a3 O-O
9.dxc5 Bxc5 10.Bxc5 Nxc5 11.b4 Nd7 12.Bd3 f6 13.O-O Qe7 14.Qe2 a5 15.Nb5 axb4
16.a4 fxe5 17.fxe5 Nc5 18.Nd6 Bd7 19.Qe3 Nxd3 20.cxd3 Be8 21.Qb6 Bh5 22.Nd4 Nxe5
23.Rxf8+ Rxf8 24.Nxb7 Rb8 25.Qd6 Qxd6 26.Nxd6 b3 27.N6b5 b2 28.Rb1 Nxd3 29.Nxe6 Rc8
30.Rf1 Be2  0-1

[Event "35th Barbera Open A"]
[Site "Barbera del Valles ESP"]
[Date "2012.07.06"]
[Round "3.21"]
[White "Ruiz Sanchez,O"]
[Black "Bas Mas,J"]
[Result "1-0"]
[WhiteElo "2416"]
[BlackElo "2214"]

1.e4 e6 2.d4 d5 3.Nc3 Nf6 4.e5 Nfd7 5.f4 c5 6.Nf3 Nc6 7.Be3 Qb6 8.Na4 Qa5+
9.c3 cxd4 10.b4 Nxb4 11.cxb4 Bxb4+ 12.Bd2 Bxd2+ 13.Nxd2 O-O 14.Bd3 b5 15.Nb2 Nb6
16.O-O Nc4 17.Bxh7+ Kxh7 18.Qh5+ Kg8 19.Nf3 f6 20.Nxc4 bxc4 21.f5 exf5 22.exf6 Qc7
23.fxg7 Qxg7 24.Nh4 Bd7 25.Nxf5 Bxf5 26.Rxf5 Rxf5 27.Qxf5 Rd8 28.Rf1 Rd6
29.Rf3 Rg6 30.Qxd5+ Kh8 31.Rh3+ Rh6 32.Rxh6+ Qxh6 33.Qxd4+ Kh7 34.Qxa7+  1-0

[Event "35th Barbera Open A"]
[Site "Barbera del Valles ESP"]
[Date "2012.07.06"]
[Round "3.27"]
[White "Sanchez Ibern,M"]
[Black "Segarra Calderer,A"]
[Result "1-0"]
[WhiteElo "2364"]
[BlackElo "2058"]

1.e4 e6 2.d4 d5 3.Nc3 Nf6 4.e5 Nfd7 5.f4 c5 6.Nf3 Nc6 7.Be3 a6 8.Qd2 b5 9.dxc5 Bxc5
10.Bxc5 Nxc5 11.Bd3 Nxd3+ 12.cxd3 Bb7 13.Qf2 O-O 14.O-O Rc8 15.Nd4 Qe7 16.Nce2 Nb4
17.Qg3 f5 18.a3 Nc2 19.Rad1 Nxd4 20.Nxd4 Qc5 21.Qe3 Kf7 22.Rc1 Qe7 23.Nb3 d4
24.Qxd4 Rfd8 25.Qe3 Qd7 26.Nc5 Qd5 27.Rf2 Qd4 28.Qxd4 Rxd4 29.Rc3 Bd5 30.b4 Ra8
31.g3 a5 32.bxa5 Rxa5 33.Rb2 b4 34.axb4 Ra1+ 35.Kf2 Ba8 36.Ke3 Rd5 37.Nb3 Re1+
38.Re2 Rd1 39.Rc7+ Kg6 40.Nc5 Rd8 41.b5 Rb1 42.Nxe6  1-0

[Event "86th ch-ARG 2012"]
[Site "La Plata ARG"]
[Date "2012.07.06"]
[Round "3.15"]
[White "Pichot,A"]
[Black "D'Ascanio,Adolfo"]
[Result "1-0"]
[WhiteElo "2287"]
[BlackElo "1906"]

1.e4 e6 2.d4 d5 3.Nc3 Nf6 4.e5 Nfd7 5.f4 c5 6.Nf3 Nc6 7.Ne2 b6 8.c3 Ba6 9.g3 Bxe2
10.Qxe2 cxd4 11.cxd4 Rc8 12.Bg2 Nb4 13.O-O Nc2 14.Rb1 Rc4 15.Rd1 Nb4 16.a3 Rc2
17.Bd2 Nc6 18.Qd3 Rc4 19.b3 Rxd4 20.Nxd4 Nxd4 21.Bb4 Bc5 22.Bxc5 bxc5 23.b4 Nf5
24.Bxd5  1-0

[Event "ch-MNE 2012"]
[Site "Cetinje MNE"]
[Date "2012.07.07"]
[Round "1.6"]
[White "Djukic,Ni"]
[Black "Kosic,D"]
[Result "1/2-1/2"]
[WhiteElo "2515"]
[BlackElo "2536"]

1.e4 e6 2.d4 d5 3.Nc3 Nf6 4.e5 Nfd7 5.f4 c5 6.Nf3 Nc6 7.Be3 Be7 8.Qd2 O-O
9.Be2 b6 10.O-O f5 11.Kh1 Bb7 12.Rg1 cxd4 13.Nxd4 Nxd4 14.Bxd4 Nc5 15.Qe3 g5
16.Bd3 gxf4 17.Qf3 Ne4 18.Ne2 Bc5 19.Qxf4 Kh8 20.c3 Qe7 21.Rgf1 Rg8 22.Qe3 Rg4
23.Rf4 Rg6 24.Rf3 Rag8 25.Nf4 Rg4 26.Bxe4 dxe4 27.Rg3 Bxd4  1/2-1/2

[Event "ch-SWE 2012"]
[Site "Falun SWE"]
[Date "2012.07.07"]
[Round "1"]
[White "Lindberg,Be"]
[Black "Tikkanen,H"]
[Result "1/2-1/2"]
[WhiteElo "2409"]
[BlackElo "2573"]

1.e4 e6 2.d4 d5 3.Nc3 Nf6 4.e5 Nfd7 5.f4 c5 6.Nf3 Nc6 7.Be3 a6 8.Qd2 b5 9.Nd1 Bb7
10.Be2 cxd4 11.Nxd4 Nc5 12.O-O Ne4 13.Qe1 Bc5 14.Nxc6 Qb6 15.Bf3 Qxc6 16.Bxe4 dxe4
17.Qf2 Be7 18.Bd4 O-O-O 19.c3 f5 20.exf6 Bxf6 21.Ne3 Bxd4 22.cxd4 Kb8 23.f5 exf5
24.Qxf5 Ka8 25.Rac1 Qh6 26.Qf2 Rhf8 27.Qd2 Rfe8 28.Rfd1 Rd7 29.Rc5 Qb6 30.b4 Red8
31.Qc3 Qf6 32.Rf5 Qb6 33.Rc5 Qf6 34.Rf5 Qb6  1/2-1/2

[Event "35th Barbera Open A"]
[Site "Barbera del Valles ESP"]
[Date "2012.07.08"]
[Round "5.36"]
[White "Umudova,N"]
[Black "Diaz Camallonga,C"]
[Result "0-1"]
[WhiteElo "2210"]
[BlackElo "2144"]

1.e4 e6 2.d4 d5 3.Nc3 Nf6 4.e5 Nfd7 5.f4 c5 6.Nf3 Nc6 7.Be3 Rb8 8.dxc5 Nxc5
9.Qd2 Qa5 10.Bd3 b5 11.O-O b4 12.Ne2 Ba6 13.Ned4 Nxd4 14.Nxd4 Qb6 15.Bxa6 Qxa6
16.f5 Ne4 17.Qd3 Qxd3 18.cxd3 Nc5 19.Nb3 Nxd3 20.fxe6 fxe6 21.Bd4 a5 22.Rf3 a4
23.Nd2 Nc5 24.Rxf8+ Rxf8 25.Bxc5 Rf5 26.Nf3 Rf4 27.b3 Rc8 28.Rc1 axb3 29.axb3 Re4
30.Kf2 Kd7 31.Ne1 Rxe5 32.Nd3 Re4 33.Ra1 Rc7 34.Bxb4 Rc2+ 35.Kf3 Rd4 36.Ne5+ Kc7
37.Be1 Kb7 38.b4 g5 39.g3 Re4 40.Ng4 h5 41.Nf2 g4+ 42.Kg2 Ree2 43.Kf1 e5
44.Nd3 Rxh2 45.Bf2 e4 46.Nc5+ Kc6 47.Bg1 Rh1 48.Nb3 Rb2 49.Nd4+ Kb7 50.b5 e3
51.Ne2 d4 52.Nxd4 Rf2+  0-1

[Event "9th South Wales Int"]
[Site "Penarth WLS"]
[Date "2012.07.08"]
[Round "2.20"]
[White "Bryant,R"]
[Black "Leconte,JO"]
[Result "0-1"]
[WhiteElo "1945"]
[BlackElo "2298"]

1.e4 e6 2.d4 d5 3.Nc3 Nf6 4.e5 Nfd7 5.f4 c5 6.Nf3 Nc6 7.Ne2 b5 8.c3 b4 9.g3 Qb6
10.Bh3 g6 11.O-O Ba6 12.Rf2 bxc3 13.bxc3 Rb8 14.Kh1 Be7 15.Be3 Na5 16.Rg2 Nc4
17.Bg1 Nb2 18.Qe1 Qa5 19.Nc1 Nd3 20.Nxd3 Bxd3 21.Be3 Nb6 22.Rf2 Na4 23.Bd2 c4
24.Bg2 Ba3 25.Qe3 Bb2 26.Rg1 Bxc3 27.Ne1 Bf5 28.Bf3 h5 29.Bd1 Bxd2 30.Rxd2 Nc3
31.Bc2 Ne4 32.Re2 Qc3 33.Ng2 Qxe3 34.Nxe3 Nc3 35.Ree1 Kd7 36.Nxf5 gxf5 37.Re3 Nb5
38.Ba4 Ke7 39.Bxb5 Rxb5 40.Ra3 a5 41.Rc1 Rhb8 42.Rc2 Rb1+ 43.Kg2 R8b5 44.Kh3 Rd1
45.Kh4 Rxd4 46.Kxh5 f6 47.Re2 fxe5 48.Rxe5 Kf6 49.Rae3 Rb6 50.h3 Rc6 51.g4 Rxf4
52.g5+ Kf7 53.g6+ Kf6 54.g7 Kxg7 55.Rxe6 Rxe6 56.Rxe6 c3 57.Kg5 c2  0-1

[Event "9th South Wales Int"]
[Site "Penarth WLS"]
[Date "2012.07.09"]
[Round "4.22"]
[White "Bryant,R"]
[Black "Vickery,S"]
[Result "1-0"]
[WhiteElo "1945"]
[BlackElo "1721"]

1.e4 e6 2.Nc3 d5 3.d4 Nf6 4.e5 Nfd7 5.Nce2 c5 6.c3 Nc6 7.f4 cxd4 8.cxd4 Bb4+
9.Kf2 O-O 10.Nf3 f6 11.Kg3 Qe8 12.h3 fxe5 13.fxe5 b6 14.Nf4 Bb7 15.Bd3 Be7
16.h4 Nd8 17.Qc2 h6 18.Bh7+ Kh8 19.Ng5 Rxf4 20.Bxf4 Rc8 21.Qd3 Nf8 22.Bd2 Bxg5
23.hxg5 Nxh7 24.gxh6 g6 25.Rh4 Nc6 26.Rhh1 Ne7 27.Kh2 a5 28.Rac1 Rxc1 29.Rxc1 g5
30.Rc7 Bc6 31.Qc3 g4 32.Kg1 Bb5 33.Qg3 Nf5 34.Qxg4 Qg8 35.Qxg8+ Kxg8 36.Rb7 Nxd4
37.Rxb6 Bd3 38.Bxa5 Be4 39.Kf2 Ng5 40.Bd2 Nf7 41.Bc3 Nf5 42.Rxe6 N7xh6 43.a4 Ng4+
44.Ke1 Kf7 45.Rb6 d4 46.e6+ Ke8 47.Bb4 Kd8 48.Bd6 Nxd6 49.Rxd6+ Ke7 50.Rxd4 Bf5
51.a5 Bxe6 52.a6 Ne5 53.a7 Nc6 54.a8=Q Nxd4 55.Qa7+  1-0

[Event "4th Rethymno Open"]
[Site "Rethymno GRE"]
[Date "2012.07.09"]
[Round "4.19"]
[White "Kharitonov,I"]
[Black "Richter,Mic"]
[Result "0-1"]
[WhiteElo "2098"]
[BlackElo "2486"]

1.e4 e6 2.d4 d5 3.Nc3 Nf6 4.e5 Nfd7 5.f4 c5 6.Nf3 Nc6 7.Be3 Be7 8.Qd2 O-O
9.dxc5 Bxc5 10.Bxc5 Nxc5 11.O-O-O Qa5 12.Kb1 Bd7 13.h4 Rfd8 14.Nd4 a6 15.Qe3 Rac8
16.g4 Kh8 17.Rg1 b5 18.Nxc6 Rxc6 19.Ne2 Qc7 20.Nd4 Rb6 21.Bd3 b4 22.Rde1 Bb5
23.f5 b3 24.f6 bxa2+ 25.Ka1 Bxd3 26.fxg7+ Kg8 27.cxd3 Rb4 28.Kxa2 Qa5+ 29.Kb1 Rdb8
30.Rg2 Na4 31.Nc6 Nc3+  0-1

[Event "Turkish Bank Chess League 2012"]
[Site "Konya TUR"]
[Date "2012.07.11"]
[Round "1"]
[White "Yuksel,A"]
[Black "Burcu,C"]
[Result "1-0"]
[WhiteElo "1978"]
[BlackElo "1952"]

1.e4 e6 2.d4 d5 3.Nc3 Nf6 4.e5 Nfd7 5.f4 c5 6.Nf3 Nc6 7.Be3 cxd4 8.Nxd4 Bc5
9.Qd2 Nxd4 10.Bxd4 Bxd4 11.Qxd4 Qb6 12.O-O-O Qxd4 13.Rxd4 Ke7 14.g3 Nb8 15.Bg2 Nc6
16.Rd2 Bd7 17.Rhd1 Be8 18.b3 a6 19.Kb2 Rc8 20.Bh3 Rc7 21.a3 Nb8 22.Ne2 g6
23.Nd4 h5 24.c3 Bc6 25.a4 Rhc8 26.Bf1 Be8 27.Rd3 Nd7 28.Bg2 Nc5 29.Re3 Rb8
30.Ka3 b6 31.h3 Nb7 32.g4 hxg4 33.hxg4 Rbc8 34.Kb2 Na5 35.Bf1 b5 36.b4 Nc4+
37.Bxc4 dxc4 38.axb5 axb5 39.f5 gxf5 40.gxf5 exf5 41.Nxf5+ Ke6 42.Nd4+ Ke7
43.e6 fxe6 44.Nxe6 Ra7 45.Nc7+ Kf8 46.Rf1+ Bf7 47.Ne6+ Ke7 48.Ng5+ Kf8 49.Ref3 Rcc7
50.Ne6+ Ke8 51.Nxc7+ Rxc7 52.Rf5 Rb7 53.Re1+ Kd8 54.Ree5 Be8 55.Rf8 Re7 56.Rxe7 Kxe7
57.Rf5 Ke6 58.Rc5 Kd6 59.Kc1 Bc6 60.Kd2 Kc7 61.Ke3 Kb6 62.Kd4  1-0

[Event "4th Rethymno Open"]
[Site "Rethymno GRE"]
[Date "2012.07.11"]
[Round "6.25"]
[White "Vedder,R"]
[Black "Liodakis,K"]
[Result "0-1"]
[WhiteElo "2283"]
[BlackElo "2097"]

1.e4 e6 2.d4 d5 3.Nc3 Nf6 4.e5 Nfd7 5.f4 c5 6.Nf3 Nc6 7.Be3 Qb6 8.Na4 Qa5+
9.c3 b6 10.a3 c4 11.b4 cxb3 12.Qxb3 Ba6 13.Nb2 Bxf1 14.Rxf1 Rc8 15.Bd2 Qa6
16.f5 Be7 17.fxe6 fxe6 18.c4 Na5 19.Bxa5 Qxa5+ 20.Nd2 Rf8 21.Rxf8+ Nxf8 22.a4 Bb4
23.Rd1 Bc3 24.Ke2 Bxd4 25.Nd3 Nd7 26.cxd5 Qxd5 27.Qxd5 exd5 28.Nf3 Rc4 29.Nde1 Bxe5
30.Rxd5 Bc3 31.a5 bxa5 32.Kd3 Nb6 33.Nc2 Rc7 34.Rh5 h6 35.Na3 a6 36.Nd2 Bb4
37.Nac4 Nxc4 38.Nxc4 a4 39.Re5+ Re7 40.Rf5 Re1 41.Rf2 Ra1 42.Ne5 a3 43.Kc4 a5
44.Kb3 Rb1+ 45.Ka2 Rb2+ 46.Rxb2 axb2 47.Kxb2 Ke7 48.Kb3 Ke6 49.Nd3 Kd5 50.h4 Ke4
51.Kc4 Be7 52.h5 Kf5 53.Kd5 a4  0-1

[Event "Werner-Ott-Open 2012"]
[Site "Berlin GER"]
[Date "2012.07.12"]
[Round "6.10"]
[White "Jahnz,F"]
[Black "Schaefer,He"]
[Result "1-0"]
[WhiteElo "2221"]
[BlackElo "2003"]

1.e4 e6 2.d4 d5 3.Nc3 Nf6 4.e5 Nfd7 5.Nce2 c5 6.c3 Nc6 7.f4 b5 8.a3 c4 9.Nf3 Nb6
10.g4 h5 11.gxh5 Rxh5 12.Ng3 Rh8 13.Qc2 g6 14.h4 Be7 15.h5 gxh5 16.Rxh5 Rxh5
17.Nxh5 Kd7 18.Qh7 Kc7 19.Qxf7 Bd7 20.Qh7 Qg8 21.Qxg8 Rxg8 22.Ng5 Nd8 23.Be3 Be8
24.Be2 Rh8 25.Ng3 Kd7 26.O-O-O a5 27.Rf1 Bg6 28.Nxe6 Rh3 29.Nc5+ Kc6 30.Rg1 Bxc5
31.dxc5 Na4 32.f5 Bh7 33.e6 Nb7 34.e7 Kd7 35.c6+  1-0

[Event "22nd Gorges Open"]
[Site "Gorges FRA"]
[Date "2012.07.12"]
[Round "6.7"]
[White "Boiziau,M"]
[Black "Bellay,J"]
[Result "1-0"]
[WhiteElo "1737"]
[BlackElo "1556"]

1.e4 e6 2.d4 d5 3.Nc3 Nf6 4.e5 Nfd7 5.f4 c5 6.Nce2 Nc6 7.c3 Qb6 8.Nf3 cxd4
9.cxd4 Bb4+ 10.Bd2 Bxd2+ 11.Qxd2 f6 12.a3 fxe5 13.fxe5 O-O 14.Ng5 Ne7 15.Nf4 Nb8
16.Bd3 Nf5 17.Rf1 Qxd4 18.O-O-O Qxe5 19.Rde1 Qc7+ 20.Kb1 e5 21.Nfe6 Bxe6
22.Nxe6 Qd6 23.Nxf8 e4 24.Bxe4 dxe4 25.Qxd6 Nxd6 26.Ne6 Nc6 27.Nc5 Re8 28.Rf2 b6
29.Nb3 Ne5 30.Rd2 Nd3 31.Re3 Nc4 32.Rdxd3 Nxe3 33.Rxe3  1-0

[Event "St. Pauli Open 2012"]
[Site "Hamburg GER"]
[Date "2012.07.12"]
[Round "6.12"]
[White "Lampert,J"]
[Black "Steingraeber,Kai-Uwe"]
[Result "1/2-1/2"]
[WhiteElo "2279"]
[BlackElo "2114"]

1.e4 e6 2.d4 d5 3.Nc3 Nf6 4.e5 Nfd7 5.f4 c5 6.Nf3 Nc6 7.Be3 Be7 8.Qd2 O-O
9.Be2 a6 10.O-O b5 11.Nd1 cxd4 12.Nxd4 Bb7 13.Nf2 Qc7 14.Nd3 Rac8 15.Rac1 Rfd8
16.Bg4 Nxd4 17.Bxd4 Qc4 18.Qf2 Nc5 19.Nxc5 Bxc5 20.Bxc5 Qxc5 21.Bf3 Qb4 22.c3 Qxf4
23.Qb6 Rd7 24.Bxd5 Qxe5 25.Bxb7 Qb8 26.Qxa6 Rxb7 27.Qa3 Rd7 28.Rc2 Qb6+ 29.Rcf2 Rcd8
30.Qb4 Rd2 31.Qf4 Rxf2 32.Qxf2 Qxf2+ 33.Rxf2 Rd1+ 34.Rf1 Rd2 35.Rf2 Rd1+
36.Rf1 Rd2  1/2-1/2

[Event "Turkish Bank Chess League 2012"]
[Site "Konya TUR"]
[Date "2012.07.12"]
[Round "2"]
[White "Akinal,E"]
[Black "Coban,Men"]
[Result "0-1"]
[WhiteElo "2049"]
[BlackElo "1925"]

1.e4 e6 2.d4 d5 3.Nc3 Nf6 4.e5 Nfd7 5.f4 c5 6.Nf3 Nc6 7.Be3 Be7 8.Qd2 a6
9.Ne2 b5 10.c3 Na5 11.Ng3 Nc4 12.Bxc4 bxc4 13.f5 cxd4 14.cxd4 Qb6 15.O-O O-O
16.f6 gxf6 17.Bh6 fxe5 18.Bxf8 Bxf8 19.Qg5+ Kh8 20.Kh1 f6 21.Qh4 e4 22.Ne5 Qxd4
23.Ng6+ Kg7 24.Nh5+ Kxg6 25.Nf4+ Kf7 26.Qxh7+ Bg7 27.Qg6+ Ke7 28.Qxg7+ Kd6
29.Qf7 Nb6 30.Ng6 f5 31.Qe7+ Kc6 32.Nf4 Qe5 33.b4 Qd6 34.Qf7 Bd7 35.a4 Qf8
36.Qg6 Kd6 37.Qg3 Kc6 38.a5 Nc8 39.Ng6 Qd6 40.Ne5+ Kc7 41.Rac1 Ne7 42.Rfd1 Bb5
43.Nxc4 Qxg3 44.Ne3+ Kd6 45.hxg3 Bd3 46.Rd2 Nc6 47.Rb2 Nd4 48.Re1 Rc8 49.Kg1 Nb5
50.Nf1 d4 51.Nd2 Bc2 52.Rc1 d3 53.Kf2 Kd5 54.Ke3 Nc3 55.Nb3 Rg8 56.Rbxc2 dxc2
57.Rxc2 Rxg3+ 58.Kf2 f4 59.Nc1 e5 60.Kf1 Re3 61.Nb3 Kc4 62.Nc5 Kxb4 63.Nxa6+ Kxa5
64.Nc5 Kb4 65.Nd7 Kb3 66.Rf2 Nd1 67.Rd2 Nb2 68.Nxe5 Nd3 69.Nxd3 exd3 70.Kf2 Kc3
71.Rd1  0-1

[Event "11th La Fere Open"]
[Site "La Fere FRA"]
[Date "2012.07.12"]
[Round "7.10"]
[White "Van Poucke,Anthony"]
[Black "Barbaut,M"]
[Result "0-1"]
[WhiteElo "1611"]
[BlackElo "2032"]

1.e4 e6 2.d4 d5 3.Nc3 Nf6 4.e5 Nfd7 5.f4 c5 6.Nf3 Nc6 7.Be3 Be7 8.g3 O-O
9.Bh3 Qb6 10.Na4 Qa5+ 11.Nc3 cxd4 12.Nxd4 Bb4 13.Ne2 Nb6 14.O-O Nc4 15.Qc1 Nxe3
16.Rf3 Nf5 17.Bxf5 exf5 18.Rd3 Qc5+ 19.Kg2 Be6 20.Na4 Qa5 21.Nac3 Rad8 22.Qd1 Bxc3
23.bxc3 Rd7 24.Qg1 Qa4 25.Qd1 Na5 26.Nd4 Nc4 27.Qc1 Rc7 28.Nb3 Rfc8 29.Rd4 Qa3
30.Rxc4 Qxc1 31.Rxc7 Qxc2+  0-1

[Event "34th Oberwart Open A"]
[Site "Oberwart AUT"]
[Date "2012.07.13"]
[Round "7.6"]
[White "Izso,D"]
[Black "Rogulj,B"]
[Result "0-1"]
[WhiteElo "2331"]
[BlackElo "2397"]

1.e4 e6 2.d4 d5 3.Nc3 Nf6 4.e5 Nfd7 5.f4 c5 6.Nf3 Nc6 7.Be3 a6 8.Qd2 Be7
9.Be2 O-O 10.O-O b6 11.Nd1 cxd4 12.Nxd4 Nxd4 13.Bxd4 Nc5 14.Nf2 Ra7 15.Qe3 a5
16.Ng4 Ba6 17.Bxa6 Rxa6 18.f5 exf5 19.Rxf5 Ne6 20.Nf6+ Bxf6 21.exf6 g6 22.Rf3 Nxd4
23.Qxd4 b5 24.Qh4 Re8 25.Raf1 Re4 26.Qg5 Rae6 27.h3 b4 28.Kh1 R4e5 29.Qh6 Qf8
30.Qd2 h5 31.R3f2 Kh7 32.Qd4 Qd8 33.Qa7 Kg8 34.Qd4 Re4 35.Qd2 Kh7 36.Qg5 Qd6
37.Qd2 Qe5 38.Qd3 d4 39.Qc4 Re1 40.Rxe1 Qxe1+ 41.Rf1 Qe2 42.Qxe2 Rxe2 43.b3 Rxc2
44.Rd1 Rxa2 45.Rxd4 g5 46.Rd6 Kg6 47.Ra6 g4 48.Kh2 Kg5 49.Rb6 Kh4 50.hxg4 hxg4  0-1

[Event "34th Oberwart Open A"]
[Site "Oberwart AUT"]
[Date "2012.07.13"]
[Round "7.15"]
[White "Konrad,E"]
[Black "Radnetter,G"]
[Result "1/2-1/2"]
[WhiteElo "2190"]
[BlackElo "2285"]

1.e4 e6 2.d4 d5 3.Nc3 Nf6 4.e5 Nfd7 5.Nce2 c5 6.c3 Nc6 7.f4 Be7 8.Nf3 O-O
9.g3 cxd4 10.cxd4 f6 11.Bh3 fxe5 12.Bxe6+ Kh8 13.Bxd7 Bxd7 14.Nxe5 Nxe5 15.fxe5 Bg4
16.Bf4 Qb6 17.O-O Qxb2 18.Re1 g5 19.Qd2 Qa3 20.Bxg5 Bb4 21.Qc1 Qxc1 22.Raxc1 Bxe1
23.Rxe1 Bxe2 24.Rxe2 Rae8 25.Rb2 Rf7 26.Rb5 Rd7 27.Rc5 Kg7 28.g4 Kf7 29.Bf6 Re6
30.Rc8 Re8 31.Rc5 Re6  1/2-1/2

[Event "Int Open ch-SVK 2012"]
[Site "Banska Stiavnica SVK"]
[Date "2012.07.14"]
[Round "8.12"]
[White "Mazur,Ste"]
[Black "Skara,V"]
[Result "1/2-1/2"]
[WhiteElo "2401"]
[BlackElo "2216"]

1.e4 e6 2.d4 d5 3.Nc3 Nf6 4.e5 Nfd7 5.Nce2 c5 6.f4 Nc6 7.c3 cxd4 8.cxd4 Bb4+
9.Bd2 Qa5 10.Nf3 f6 11.Nc3 fxe5 12.fxe5 Qb6 13.Bc1 O-O 14.Bd3 Rxf3 15.Qxf3 Qxd4
16.Bxh7+ Kxh7 17.Qh3+ Kg6 18.Qg3+ Kf7 19.Rf1+ Kg8 20.Bf4 Ndxe5 21.Rd1 Qe4+
22.Kd2 d4 23.Kc1 Bxc3 24.bxc3 Nf7 25.cxd4 Nxd4 26.Kb2 e5 27.Qf2 Bf5 28.Bxe5 Nxe5
29.Rxd4 Qc6 30.Qxf5 Qb6+ 31.Kc3 Qc5+ 32.Kb3 Qxd4 33.Qe6+ Kh7 34.Qh3+ Kg6
35.Qf5+ Kh6 36.Qh3+  1/2-1/2